| 000 | 00626nam a2200205 a 4500 | ||
|---|---|---|---|
| 005 | 20220622063521.0 | ||
| 008 | 031014s2000 mx r 000 0 spa d | ||
| 020 | _a8495040468 | ||
| 035 | _aUPN01000130173 | ||
| 049 | _aI | ||
| 050 | 4 |
_aPZ76.3 _bC6.3 |
|
| 100 | 1 |
_aCousins, Lucy, _d1964- _936493 |
|
| 245 | 1 | 1 |
_a¿Dónde vive Maisy? / _cLucy Cousins ; tr. Xavier Borrás Calvo. |
| 260 |
_aBarcelona, Esp. : _bSerres, _c2000. |
||
| 300 |
_a[12] p. : _bprincipalmente il. col. |
||
| 500 | _a"Un libro con solapas" | ||
| 650 | 0 |
_aAnimales _vCuentos y leyendas _9234 |
|
| 650 | 4 |
_aCuentos infantiles _96744 |
|
| 905 | _aInfantil | ||
| 999 |
_c102330 _d102330 |
||